Statistics for North Africa Flag Quiz

Click here to take the quiz!

General Stats

  • This quiz has been taken 139 times
  • The average score is 5 of 6

Answer Stats

Answer% Correct
Egypt
99%
Sudan
84%
Algeria
81%
Morocco
80%
Tunisia
80%
Libya
77%

Score Distribution

Percentile by Number Answered

Percent of People with Each Score

Your Score History

You have not taken this quiz